Statistics for Countries with the Highest Population Density

Click here to take the quiz!

General Stats

  • This quiz has been taken 80,719 times
    (15,772 since last reset)
  • The average score is 13 of 24

Answer Stats

Density Country % Correct
19,426Monaco
86%
1,820Vatican City
83%
8,137Singapore
83%
436India
81%
1,116Bangladesh
80%
556San Marino
77%
658Taiwan
64%
512South Korea
64%
409Netherlands
59%
1,397Malta
57%
380Belgium
56%
2,224Bahrain
54%
417Israel
53%
411Haiti
50%
365Philippines
47%
653Lebanon
42%
515Nauru
39%
1,802Maldives
38%
454Tuvalu
35%
492Rwanda
33%
623Mauritius
31%
668Barbados
31%
467Comoros
29%
427Burundi
29%

Score Distribution

Percentile by Number Answered

Percent of People with Each Score

Your Score History

You have not taken this quiz since the last reset